Districts of Shanghai by Picture - Statistics

General Stats
  • This quiz has been taken 16 times
  • The average score is 14 of 16
Answer Stats
Picture Hint Answer % Correct
Lujiazui Pudong New District
100%
The Bund Huangpu District
93%
______ Temple Jing'an District
93%
Xujiahui Xuhui District
93%
Wusongkou Baoshan District
86%
Hongqiao Airport Changning District
86%
_______ Stadium Hongkou District
86%
Nanxiang Jiading District
86%
Qibao Minhang District
86%
Zhujiajiao Qingpu District
86%
Mount She Songjiang District
86%
Wujiaochang Yangpu District
86%
Flower Expo 2021 Chongming District
79%
Zhenru Temple Putuo District
79%
Shanghai Fish Fengxian District
71%
Fengjing Jinshan District
71%
No matching quizzes found
Score Distribution
Percent of People with Each Score
Percentile by Number Answered
Your Score History
You have not taken this quiz